Obálka Náhled e-knihy:
Epub
Pro půjčování e-knih musíte být přihlášeni.
Jak si půjčit online?

Očistec /

Očistec (v italském originále Purgatorio) je druhá ze tří částí eposu Božská komedie, jehož autorem je Dante Alighieri. Božská komedie je alegorického charakteru - znázorňuje cestu lidské duše přes peklo a očistec až do ráje k Bohu. Hlavní postavou je sám autor, který se dostal vlastní vinou do potí...

Celý popis

Uloženo v:
Série:Božská komedie, část 2
Hlavní autor: Alighieri, Dante (Autor)
Médium: E-kniha
Jazyk:Czech
Vydáno: Praha : Artis, 2023
Příbuzné jednotky:Z cyklu:: Božská komedie
Tagy:
Žádné tagy
LEADER 01579nam a22002417i 4500
001 311989
007 ta
008 260601s2023 xr ||||| |||| 00| 0 cze d
020 |a 9990003802033 
044 |a xr 
100 1 |a  Alighieri, Dante  |4 aut 
245 1 0 |a Očistec /  |c  Alighieri, Dante 
240 1 0 |a Purgatorio 
264 1 |a Praha :  |b Artis,  |c 2023 
300 |a 1 online zdroj (90 stran) 
336 |a text  |b txt  |2 rdacontent 
337 |a bez média  |b n  |2 rdamedia 
338 |a online zdroj  |b cr  |2 rdacarrier 
520 2 |a Očistec (v italském originále Purgatorio) je druhá ze tří částí eposu Božská komedie, jehož autorem je Dante Alighieri. Božská komedie je alegorického charakteru - znázorňuje cestu lidské duše přes peklo a očistec až do ráje k Bohu. Hlavní postavou je sám autor, který se dostal vlastní vinou do potíží. Těch si v nebi všimla Beatrice Portinari (Danteho ideální žena, jím v minulosti milovaná), která mu na pomoc poslala básníka Vergilia, aby Danteho provedl Peklem a Očistcem. Po cestě se setkává se slavnými osobnostmi minulosti a osobnostmi ze svého vlastního života. 
787 0 8 |g 2  |i Z cyklu:  |t Božská komedie 
910 |a RBIT002 
998 |d 380203  |a https://core.palmknihy.cz/api/books/380203/cover?rxoqx8  |b https://core.palmknihy.cz/api/books/380203/cover/400?rxoqx8  |c https://core.palmknihy.cz/api/books/380203/cover/50?rxoqx8  |e 2099-12-01  |g 90  |i 9990003802033  |j https://core.palmknihy.cz/api/books/380203/preview.epub  |l   |q 49  |r 1  |s https://www.palmknihy.cz/kniha/380203  |t ebook  |y 2023  |z 1  |v Božská komedie  |w 2 
999 |d 311987